[Event "It (open)"]
[Site "masterchessopen.com Bastia (France)"]
[Round "1"]
[White "Bauer Christian (FRA)"]
[Black "Ivanisevic Ivan (SRB)"]
[Result "1-0"]
[WhiteElo "2622"]
[BlackElo "2533"]

{ Bauer Christian (FRA) +3 =2 -0 } 1.d4 { 1 } 1...d5 2.c4 e6 3.Nf3 Nf6 4.g3
Bb4+ 5.Bd2 a5 6.a3 Be7 { = } 7.Qc2 ( 7.Bg2 O-O 8.Qc2 Nbd7 9.O-O c6 10.cxd5
exd5 11.Nc3 Re8 12.Rfe1 Nf8 13.Bg5 Ne4 14.Bxe7 Qxe7 15.e3 Bf5 16.Nh4 Bd7
17.Rac1 Nxc3 18.Qxc3 Be6 19.Nf3 Nd7 20.Nd2 h6 21.Rcd1 Nf6 22.f3 Qc7 23.Rc1 Re7
24.b4 axb4 25.axb4 Qb6 26.Qc5 Qd8 { ...1/2-1/2, Adianto Utut 2610 - Andersson
Ulf 2645 , Tallinn/Parnu 1998 Memorial P.Keres (cat.15) } ) 7...O-O { N } (
7...Nc6 8.Bg2 Ne4 ( 8...dxc4 9.Qxc4 Qd5 10.Qd3 Qe4 11.Qxe4 Nxe4 12.Bf4 Bd6
13.Ne5 Bxe5 14.dxe5 Nc5 15.Bxc6+ bxc6 16.Nd2 Ba6 17.Be3 Na4 18.b3 Nc3 19.Rc1
Nd5 20.Bc5 O-O-O 21.Ne4 f6 22.exf6 gxf6 23.Bd4 e5 24.Bc3 Nxc3 25.Rxc3 Rd4
26.Nc5 Bb7 27.e3 { ...0-1, Akesson Ralf 2430 - Sahovic Dragutin 2430 , Valjevo
1984 It (cat.7) } ) 9.Be3 O-O 10.O-O Nd6 11.cxd5 exd5 12.Nc3 Be6 13.Rad1 Ra6
14.Bf4 Re8 15.Rfe1 Bf5 16.Qc1 Ne4 17.Nb5 Nd6 18.Bxd6 Bxd6 19.Nh4 Bg4 20.Bxd5
g5 21.Nf3 h6 22.Qc4 Qf6 23.Nd2 Ne7 24.Ne4 Qg6 25.Bxf7+ Qxf7 26.Nf6+ Kg7
27.Qxf7+ { ...0-1, Pinter Jozsef 2565 - Pasalic Mehmed 2355 , Dortmund 1995 It
(open) } ) 8.Bg2 b6 { } ( 8...c6 9.O-O Nbd7 10.Nc3 dxc4 11.e4 b5 12.e5 Nd5
13.Ne4 Ba6 14.Bg5 h6 15.Bxe7 Qxe7 16.Rfe1 Rab8 17.Qd2 a4 18.Nd6 b4 19.axb4
Rxb4 20.Qc2 Rfb8 21.Ra2 Rb3 22.Qd2 Bb5 23.Rc1 Nb4 24.Ra3 Nd5 25.Ra2 N7b6
26.Ne1 Qa7 27.Bf1 Qa6 28.Bh3 { ...0-1, Pliasunov Aleksej 2334 - Pushkov
Nikolai 2541 , St. Petersburg 2001 Memorial M.Chigorin (open) } ) 9.cxd5 { N }
( 9.Bg5 Bb7 10.O-O Nbd7 11.cxd5 exd5 12.Nc3 Ne4 13.Bxe7 Qxe7 14.Nxe4 dxe4
15.Nd2 Nf6 16.Rac1 c5 17.Qb3 cxd4 18.Qxb6 Rad8 19.Rc7 Rd7 20.Rxd7 Qxd7 21.Nb3
Bd5 22.Nxd4 e3 23.Qb5 exf2+ 24.Rxf2 Qa7 25.Bxd5 { 1/2-1/2, Berkes Ferenc 2570
- Shariyazdanov Andrey 2576 , Neum 2002 Ch Bosnia & Herzegovina (team) (1
liga) } ) 9...exd5 10.O-O Bb7 11.Bf4 c5 12.Nc3 Nc6 13.dxc5 bxc5 14.Rfd1 Re8
15.e3 d4 { ? } ( 15...h6 { !? } 16.Ne5 Qc8 17.Nxd5 Nxe5 { } ) 16.Na4 { ? } ( {
? } 16.Ng5 Nb4 17.axb4 Bxg2 18.Kxg2 { } ) 16...Rc8 17.Nxc5 { ? } ( { ? }
17.Ng5 Ba6 18.Bxc6 Rxc6 19.exd4 { } ) 17...Bxc5 18.Qxc5 Ne5 19.Qxe5 Rxe5
20.Bxe5 d3 21.Bd4 Be4 22.Ne1 Bxg2 23.Kxg2 Qd5+ 24.f3 Nd7 { ?! } ( 24...Ng4 {
!? } 25.Rxd3 Ne5 26.Rc3 Rxc3 { } ) 25.Rxd3 Ne5 26.Rd2 Nc4 27.Rc1 h6 28.Rdc2 a4
29.Kf2 Kh7 30.Ng2 g5 31.h4 Kg6 32.g4 f6 33.h5+ Kf7 34.Ne1 Qb5 35.Nd3 Qd5
36.Nb4 Qe6 { ?! } ( 36...Qb5 { !? } 37.e4 Ke6 38.Ke1 Kf7 { } ) 37.e4 Rc7
38.Nd5 Qd6 39.Rxc4 Qh2+ 40.Ke3 Rxc4 41.Rxc4 Qg1+ 42.Kd3 { ?? } ( { ? } 42.Ke2
Qh2+ 43.Bf2 Qe5 44.Rc7+ { } ) 42...Qd1+ 43.Kc3 Qxf3+ { ?? } ( { ? } 43...Qb3+
44.Kd2 Qxc4 45.Bxf6 Qf1 { } ) 44.Ne3 Qxe4 45.Rxa4 Qc6+ 46.Rc4 Qh1 47.a4 Qe1+
48.Kb3 Qe2 49.a5 Qd3+ 50.Ka4 f5 51.gxf5 g4 52.Rc7+ Ke8 53.Bc5 Qe4+ 54.Kb5 Qd3+
55.Kb6 g3 56.f6 Qb3+ 57.Ka7 Kd8 58.Bb6 g2 59.Nxg2 Ke8 60.f7+ { } {#r} 1-0

[Event "It (open)"]
[Site "masterchessopen.com Bastia (France)"]
[Round "1"]
[White "Bauer Christian (FRA)"]
[Black "Ivanisevic Ivan (SRB)"]
[Result "1-0"]
[WhiteElo "2622"]
[BlackElo "2533"]

{ Bauer Christian (FRA) +3 =2 -0 } 1.d4 { 1 } 1...Nf6 2.Nf3 d5 3.c4 e6 4.g3
Bb4+ 5.Bd2 a5 6.a3 Be7 { = } 7.Qc2 ( 7.Bg2 O-O 8.Qc2 Nbd7 9.O-O c6 10.cxd5
exd5 11.Nc3 Re8 12.Rfe1 Nf8 13.Bg5 Ne4 14.Bxe7 Qxe7 15.e3 Bf5 16.Nh4 Bd7
17.Rac1 Nxc3 18.Qxc3 Be6 19.Nf3 Nd7 20.Nd2 h6 21.Rcd1 Nf6 22.f3 Qc7 23.Rc1 Re7
24.b4 axb4 25.axb4 Qb6 26.Qc5 Qd8 { ...1/2-1/2, Adianto Utut 2610 - Andersson
Ulf 2645 , Tallinn/Parnu 1998 Memorial P.Keres (cat.15) } ) 7...O-O { N } (
7...Nc6 8.Bg2 Ne4 ( 8...dxc4 9.Qxc4 Qd5 10.Qd3 Qe4 11.Qxe4 Nxe4 12.Bf4 Bd6
13.Ne5 Bxe5 14.dxe5 Nc5 15.Bxc6+ bxc6 16.Nd2 Ba6 17.Be3 Na4 18.b3 Nc3 19.Rc1
Nd5 20.Bc5 O-O-O 21.Ne4 f6 22.exf6 gxf6 23.Bd4 e5 24.Bc3 Nxc3 25.Rxc3 Rd4
26.Nc5 Bb7 27.e3 { ...0-1, Akesson Ralf 2430 - Sahovic Dragutin 2430 , Valjevo
1984 It (cat.7) } ) 9.Be3 O-O 10.O-O Nd6 11.cxd5 exd5 12.Nc3 Be6 13.Rad1 Ra6
14.Bf4 Re8 15.Rfe1 Bf5 16.Qc1 Ne4 17.Nb5 Nd6 18.Bxd6 Bxd6 19.Nh4 Bg4 20.Bxd5
g5 21.Nf3 h6 22.Qc4 Qf6 23.Nd2 Ne7 24.Ne4 Qg6 25.Bxf7+ Qxf7 26.Nf6+ Kg7
27.Qxf7+ { ...0-1, Pinter Jozsef 2565 - Pasalic Mehmed 2355 , Dortmund 1995 It
(open) } ) 8.Bg2 dxc4 ( 8...c6 9.O-O Nbd7 10.Nc3 dxc4 11.e4 b5 12.e5 Nd5
13.Ne4 Ba6 14.Bg5 h6 15.Bxe7 Qxe7 16.Rfe1 Rab8 17.Qd2 a4 18.Nd6 b4 19.axb4
Rxb4 20.Qc2 Rfb8 21.Ra2 Rb3 22.Qd2 Bb5 23.Rc1 Nb4 24.Ra3 Nd5 25.Ra2 N7b6
26.Ne1 Qa7 27.Bf1 Qa6 28.Bh3 { ...0-1, Pliasunov Aleksej 2334 - Pushkov
Nikolai 2541 , St. Petersburg 2001 Memorial M.Chigorin (open) } ) 9.Qxc4 { N }
9...b6 10.Bf4 Ra7 11.O-O Nd5 12.Rd1 Bb7 13.Qc2 Nd7 14.Nc3 Qa8 { ?! } (
14...Nxf4 { !? } 15.gxf4 Nf6 16.e3 Qe8 { } ) 15.Nb5 Ra6 16.Rac1 { ? } ( { ? }
16.Ng5 Bxg5 17.Bxg5 a4 18.Qd3 { } ) 16...c6 17.Nc7 Nxc7 18.Bxc7 c5 19.dxc5
Nxc5 20.Ne1 Bxg2 21.Nxg2 b5 22.Be5 a4 23.Bd4 { ?! } ( 23.Nf4 { !? } 23...Re8
24.f3 Nb3 25.Rb1 { } ) 23...Nb3 24.Rb1 Rc6 { ?! } ( 24...Rc8 { !? } 25.Bc3 b4
26.axb4 Bxb4 { } ) 25.Bc3 { ?! } ( 25.Qe4 { !? } 25...Nxd4 26.Rxd4 Qc8 27.Ne1
{ } ) 25...Bf6 { ?! } ( 25...b4 { !? } 26.axb4 Bxb4 27.Rd3 Rfc8 { } ) 26.Qd3
Bxc3 27.bxc3 Qb7 { ?! } ( 27...Qa5 { !? } 28.Ne1 Rxc3 29.Qd6 b4 { } ) 28.Nf4 {
?! } ( 28.Ne3 { !? } 28...Qa6 29.Nc2 Rc4 30.Ne3 { } ) 28...Rc5 29.h4 h6 30.Qe3
{ ?! } ( 30.e3 { !? } 30...Rb8 31.Qc2 b4 32.axb4 { } ) 30...Qc7 31.Rd3 Na5
32.Rd7 Qxd7 { ?! } ( 32...Qc8 { !? } 33.Rdd1 Nc4 34.Qc1 Qb7 { } ) 33.Qxc5 Nb3
34.Qe5 Rd8 35.Kh2 Qc6 36.Rg1 { ?! } ( 36.Nh5 { !? } 36...f6 37.Nxf6+ gxf6
38.Qxf6 { } ) 36...Nd2 37.Qh5 { ?! } ( 37.Nh5 { !? } 37...f6 38.Nxf6+ gxf6
39.Qxf6 { } ) 37...Ne4 { ?! } ( 37...Qb6 { !? } 38.Kg2 Nc4 39.Ra1 Qc6+ { } )
38.Qf3 Rd6 39.Rc1 Nc5 40.Qxc6 Rxc6 41.Nd3 Nb3 42.Rc2 Nd4 43.Rb2 { ?! } (
43.Rd2 { !? } 43...Rxc3 44.Nb4 e5 45.Ra2 { } ) 43...Rxc3 44.Rb4 Rc4 45.Rb2 Nb3
{ ? } ( { ? } 45...Rc3 46.Rb4 Nxe2 47.Ne1 Rxa3 { } ) 46.Kg2 f6 47.Nf4 Kf7
48.h5 e5 49.Nd5 Ke6 50.Ne3 Rc3 51.Nd1 Rc1 52.Ne3 f5 53.g4 { ?! } ( 53.Nc2 { !?
} 53...Kf6 54.f4 Ke6 55.fxe5 { } ) 53...fxg4 54.Nxg4 Ra1 55.Rc2 Rxa3 56.Rc7
Nd4 57.e3 Nf5 58.Rc5 Ne7 { ?? } ( { ? } 58...Nd6 59.Nxe5 Ra2 60.Nc6 Rxf2+ { }
) 59.Rxe5+ Kd6 60.Rxb5 Rb3 { ?! } ( 60...Nc6 { !? } 61.e4 Rb3 62.Rd5+ Ke6 { }
) 61.Ra5 a3 62.Ne5 Ke6 63.Nc4 Nd5 64.Nxa3 Nf6 65.Nc4 Rc3 66.Re5+ Kf7 67.Nd6+
Kf8 68.Kg3 Rc6 69.Ne4 Nd7 70.Rd5 Ke7 71.Rf5 Rc4 72.f3 Rc1 73.Ra5 Rh1 74.f4 Re1
75.Kf3 Rf1+ 76.Ke2 Rh1 77.Ng3 Rb1 78.Ra6 Nf6 79.Ra7+ { ?! } ( 79.Nf5+ { !? }
79...Kf8 80.Ra8+ Kf7 81.Ra7+ { } ) 79...Kf8 80.Kf3 Rb3 81.Ra5 Rb1 82.e4 { ?! }
( 82.Ra8+ { !? } 82...Kf7 83.Ra7+ Kf8 84.Ra3 { } ) 82...Rb3+ 83.Kg2 Rb2+
84.Kh3 Rb3 85.Kh4 Rb2 86.Kh3 Rb3 87.Re5 { ?! } ( 87.Kh2 { !? } 87...Rb4
88.Ra8+ Kf7 89.Ra7+ { } ) 87...Kf7 { ?! } ( 87...Ra3 { !? } 88.Kh4 Ra2 89.Nf5
Rh2+ { } ) 88.Kg2 Rb2+ 89.Kf1 { ?! } ( 89.Kh3 { !? } 89...Rb3 90.Kg2 Rb2+
91.Kh3 { } ) 89...Ng4 90.Rf5+ Ke6 91.Ra5 { } {#r} 1-0

[Event "It (open)"]
[Site "masterchessopen.com Zurich (Switzerland)"]
[Round "5"]
[White "Lekic Dusan (MNE)"]
[Black "Ginsburg Gennadij (GER)"]
[Result "0-1"]
[WhiteElo "2378"]
[BlackElo "2481"]

1.d4 d5 2.c4 e6 3.g3 Nf6 4.Nf3 Bb4+ 5.Bd2 Be7 6.Bg2 O-O 7.Qb3 c6 8.Bb4 dxc4
9.Qxc4 Qd5 10.Qc3 Ne4 11.Bxe7 Nxc3 12.Nxc3 Qa5 13.Bxf8 Kxf8 14.O-O Nd7 15.a3
Nf6 16.e4 c5 17.Rfd1 cxd4 18.Rxd4 e5 19.b4 Qc7 20.Nd5 Nxd5 21.Rxd5 f6 22.Rad1
Be6 23.Rd6 Ke7 24.R6d3 a5 25.bxa5 Rxa5 26.Nd2 Qc2 27.Nf1 Rxa3 {#R} 0-1

[Event "It (open)"]
[Site "masterchessopen.com Bizovac (Croatia)"]
[Date "2005.02.26"]
[Round "6"]
[White "Saric Ibro (BiH)"]
[Black "Arbanas Josip (CRO)"]
[Result "1-0"]
[WhiteElo "2441"]
[BlackElo "2329"]

1.d4 Nf6 2.c4 e6 3.Nf3 d5 4.g3 Bb4+ 5.Bd2 Be7 6.Bg2 c6 7.O-O dxc4 8.Qc2 b5
9.b3 cxb3 10.axb3 O-O 11.Ba5 Qe8 12.Ne5 Bb7 13.Nc3 Nd5 14.Ne4 Na6 15.Nd3 Ndb4
16.Bxb4 Nxb4 17.Nxb4 Bxb4 18.Nc5 Bxc5 19.Qxc5 a6 20.Rfc1 Rc8 21.e3 Qd7 22.b4
Rfd8 23.Qh5 Qe7 24.Rc5 Rc7 25.g4 g6 26.Qh6 Qf8 27.Qh4 Qe8 28.Ra3 Rd6 29.Qg3
Qe7 30.g5 Qd8 31.h4 Rcd7 32.Be4 Rd5 33.Bxd5 exd5 34.Kf1 Re7 35.Ke2 Qd7 36.Kd2
Re4 37.Ra1 Kg7 38.Rh1 Qf5 39.f3 Re7 40.Qh3 Qxh3 41.Rxh3 h5 42.Rh1 f5 43.gxf6+
Kxf6 44.Rg1 Re6 45.Rcc1 Kf7 46.Rg5 Rf6 47.Ke2 Bc8 48.Ra1 Ke7 49.Rf1 Bf5 50.Rc1
Kd6 51.Ra1 Bc8 52.e4 dxe4 53.fxe4 Kc7 54.Ke3 Bg4 55.d5 cxd5 56.Rxd5 Kb7 57.e5
Rf3+ 58.Ke4 Rb3 59.Rd4 Rc3 60.Rf1 Bf5+ 61.Kf4 Rh3 62.Kg5 Re3 63.Kf6 Re2
64.Rff4 Kc7 65.Rd6 Bc8 66.Rfd4 Rf2+ 67.Kxg6 Rf5 68.e6 Rf2 69.e7 {#r} 1-0

[Event "It (open)"]
[Site "masterchessopen.com Voronezh (Russia)"]
[Date "2005.06.17"]
[Round "5"]
[White "Zubarev Alexander (UKR)"]
[Black "Provotorov Ivan (RUS)"]
[Result "1-0"]
[WhiteElo "2505"]
[BlackElo "2294"]

1.Nf3 Nf6 2.c4 e6 3.d4 d5 4.g3 Bb4+ 5.Bd2 Qe7 6.Bg2 Nbd7 7.Qc2 dxc4 8.Qxc4 Bd6
9.Nc3 c6 10.e4 e5 11.O-O O-O 12.h3 exd4 13.Nxd4 Ne5 14.Qe2 Bc5 15.Be3 Be6
16.b3 Rad8 17.Rfd1 Bb4 18.Rac1 Bc8 19.f4 Ng6 20.e5 Rfe8 21.Kf2 Nd5 22.Nxd5
cxd5 23.Nb5 a6 24.Nc7 Ba3 25.Rc2 Bf5 26.Nxe8 Bxc2 27.Qxc2 Rxe8 28.Bxd5 Kh8
29.Qc4 f6 30.Bf7 b5 31.Qd5 Rc8 32.exf6 Qxf6 33.Qe6 Rc2+ 34.Kf3 Rxa2 35.Qxf6
gxf6 36.Rd7 Bb2 37.Rd2 a5 38.b4 {#r} 1-0

[Event "It (open)"]
[Site "masterchessopen.com Biel (Switzerland)"]
[Date "2005.07.19"]
[Round "2"]
[White "Huhndorf Arnold (GER)"]
[Black "Roiz Michael (ISR)"]
[Result "0-1"]
[WhiteElo "2297"]
[BlackElo "2600"]

1.d4 Nf6 2.c4 e6 3.Nf3 d5 4.g3 Bb4+ 5.Bd2 Be7 6.Bg2 O-O 7.O-O Nbd7 8.Qb3 Nb6
9.c5 Nc4 10.Qc2 b6 11.c6 a5 12.b3 Nxd2 13.Nbxd2 Qd6 14.e4 Nxe4 15.Nxe4 dxe4
16.Qxe4 Rd8 17.a3 Ba6 18.Rfd1 a4 19.b4 Bc4 20.Rac1 Bd5 21.Qe3 Bf6 22.Ne5 Bb3
23.Nc4 Bxc4 24.Rxc4 b5 25.Rcc1 Bxd4 26.Qe2 Rab8 27.Be4 Qe5 28.Qf3 Rd6 29.Re1
Qf6 30.Rcd1 Rbd8 31.Kf1 Kf8 32.Qxf6 Bxf6 33.Bc2 Bb2 34.Bd3 Rb8 35.Be4 Rxd1
36.Rxd1 Bxa3 37.Rd7 Rc8 38.Bd3 Bxb4 39.Bxb5 a3 40.Bc4 Bd6 41.Ke2 Ra8 42.Ba2
Ke8 43.f4 g6 {#R} 0-1

[Event "It (open)"]
[Site "masterchessopen.com Prague (Czech Republic)"]
[Date "2006.01.15"]
[Round "3"]
[White "Birger-Nilsen Joachim (NOR)"]
[Black "Postupa Martin (CZE)"]
[Result "0-1"]
[WhiteElo "1965"]
[BlackElo "1941"]

1.d4 d5 2.c4 e6 3.Nf3 Nf6 4.g3 Bb4+ 5.Bd2 Bxd2+ 6.Nbxd2 Nbd7 7.Bg2 b6 8.O-O
Bb7 9.Rc1 c5 10.Re1 O-O 11.cxd5 exd5 12.Qb3 c4 13.Qc2 Re8 14.Nh4 b5 15.Nf5 Qb6
16.e3 g6 17.Nh4 a5 18.b3 Bc6 19.Rb1 Qa6 20.Rec1 Rac8 21.Bf1 Qa8 22.Qb2 Rb8
23.Qa1 a4 24.Nhf3 Rb7 25.b4 Ne4 26.Nxe4 dxe4 27.Ne1 Nf6 28.Ng2 g5 29.Qb2 Qc8
30.Rd1 Bd5 31.Rbc1 Rb6 32.a3 Rd8 33.Qc3 Be6 34.Qb2 Bg4 35.Be2 Nd5 36.Qc2 Rh6
37.h4 Bf3 38.g4 Qxg4 39.Bf1 Rxh4 40.Rd2 Qh3 {#R} 0-1

[Event "It (open)"]
[Site "masterchessopen.com Umag (Croatia)"]
[Date "2006.04.14"]
[Round "9"]
[White "Peric Davor (CRO)"]
[Black "Mehmedi Ejup (CRO)"]
[Result "1-0"]
[WhiteElo "1949"]
[BlackElo "2118"]

1.d4 Nf6 2.c4 e6 3.Nf3 d5 4.g3 Bb4+ 5.Bd2 Bxd2+ 6.Nbxd2 O-O 7.Bg2 Nc6 8.e3 Re8
9.O-O e5 10.dxe5 Nxe5 11.Nxe5 Rxe5 12.cxd5 Bg4 13.Qc2 Nxd5 14.Nb3 c6 15.Rfc1
Qb6 16.Qc4 h5 17.Qd4 Rae8 18.h3 Bf5 19.Qxb6 axb6 20.Nd4 Nb4 21.Nxf5 Rxf5
22.Rc3 Rd8 23.Be4 Re5 24.Rc4 Na6 25.Bf3 Rd2 26.Rd1 Rxd1+ 27.Bxd1 Rd5 28.Rd4
Rxd4 29.exd4 g6 30.a3 Kf8 31.Kf1 Ke7 32.Ke2 Nc7 33.Bb3 Ne6 34.Ke3 Kd6 35.h4 f6
36.f3 c5 37.dxc5+ bxc5 38.Bxe6 Kxe6 39.Kf4 b5 40.g4 f5 41.gxf5+ gxf5 42.Kg5
Ke5 43.Kxh5 Kf6 44.f4 c4 45.Kh6 {#r} 1-0

[Event "It (open)"]
[Site "masterchessopen.com Izmir (Turkey)"]
[Date "2006.08.18"]
[Round "9"]
[White "Han Hakan (TUR)"]
[Black "Gaprindashvili Valeriane (GEO)"]
[Result "0-1"]
[WhiteElo "2221"]
[BlackElo "2481"]

1.d4 e6 2.c4 d5 3.Nf3 Nf6 4.g3 Bb4+ 5.Bd2 Be7 6.Bg2 c6 7.Qb3 O-O 8.O-O b6
9.cxd5 cxd5 10.Bb4 Nc6 11.Bxe7 Qxe7 12.Rc1 Bd7 13.Qa3 Nb4 14.Nc3 Rfc8 15.Ne5
Be8 16.b3 a5 17.e3 Rc7 18.Qb2 Rac8 19.a3 Na6 20.Bf1 Nb8 21.Nb5 Bxb5 22.Bxb5
Ne4 23.Be2 Nc3 24.Bf1 Qd8 25.Bd3 b5 26.Bf1 Nd7 27.Nd3 e5 28.dxe5 Qe7 29.f4 f6
30.Bh3 fxe5 31.Re1 e4 32.Nf2 Rd8 33.Qd2 Nf6 34.Qd4 Qc5 35.Qxc5 Rxc5 36.Kf1 d4
37.b4 axb4 38.axb4 Rc7 39.exd4 Rxd4 40.g4 Nfd5 41.Ra8+ Kf7 42.Rd8 Ne3+ 43.Rxe3
Rxd8 44.Nxe4 Nxe4 45.Rxe4 Rc4 {#R} 0-1

[Event "It (open)"]
[Site "masterchessopen.com Cappelle la Grande (France)"]
[Date "2007.03.03"]
[Round "1"]
[White "Plachetka Jan (SVK)"]
[Black "Arutinian David (GEO)"]
[Result "0-1"]
[WhiteElo "2398"]
[BlackElo "2574"]

{ Plachetka Jan (SVK) +1 =6 -1 } 1.d4 Nf6 2.Nf3 e6 3.c4 d5 4.g3 Bb4+ 5.Bd2 Be7
6.Bg2 O-O 7.Qc2 c6 8.O-O b6 9.Bf4 ( 9.b3 Ba6 10.Rd1 Nbd7 11.Bc3 Ne4 12.Qb2 Rc8
13.Nbd2 f5 14.e3 Ndf6 15.Ne5 Bd6 16.f3 Nxd2 17.Qxd2 { 1/2-1/2, Plachetka Jan
2425 - Palac Mladen 2495 , Borovo 1991 It } ) 9...Bb7 10.Rd1 Nbd7 11.Nc3 Nh5
12.Bc1 f5 13.b3 { ?/= } 13...Rc8 14.Bb2 Qe8 ( 14...Bd6 15.e3 Nhf6 16.Ne2 Qe7
17.Ne5 Bxe5 18.dxe5 Ng4 19.a4 Ngxe5 20.a5 Ng4 21.axb6 axb6 22.Ra7 Nc5 23.h3
Nf6 24.Bxf6 gxf6 25.Nd4 Rc7 26.Rc1 Rfc8 27.b4 Na6 28.Qa4 Nxb4 29.Nxe6 Qxe6
30.Qxb4 c5 31.Qb1 Rd8 32.Rd1 Kf8 33.Bxd5 Qd6 34.Bf3 { ...1-0, Miton Kamil 2600
- Hauchard Arnaud 2487 , Belgium 15. 2.2004 Ch Belgium (team) 2003/04 } )
15.e3 { +0.11 CAP } 15...g5 16.Ne5 { N } ( 16.a4 a5 17.Ba3 Bxa3 18.Rxa3 Qe7
19.Raa1 Kh8 20.Rac1 Ba6 21.Ne2 Rg8 22.Qd2 Nhf6 23.Rc2 Ne4 { 1/2-1/2, Polgar
Zsuzsa 2565 - Portisch Lajos 2615 , Prague 1995 Match "Women-Veterans" } )
16...Nxe5 17.dxe5 f4 18.Bh3 Ng7 19.Qe2 Qg6 20.exf4 gxf4 21.Qg4 Bg5 22.Qe2 h5
23.Qd3 Qh6 24.Ne2 fxg3 25.hxg3 h4 26.g4 c5 27.f4 { ? } ( { ? } 27.Bc1 d4 28.f4
Bxf4 29.Nxf4 Rxf4 30.Bxf4 Qxf4 31.Rf1 Qg5 32.Rf2 Nf5 33.Raf1 Bc6 34.Rf4 { } )
27...Bxf4 28.Nxf4 Qxf4 29.Rf1 Qg5 30.Rf6 d4 31.Raf1 Qxe5 32.Rh6 Rxf1+ 33.Bxf1
Qg5 34.Rg6 Qf4 { } {#R} 0-1

[Event "It (open)"]
[Site "masterchessopen.com Slovenske Konjice (Slovenia)"]
[Date "2007.04.15"]
[Round "4"]
[White "Nikolic Stanko (SLO)"]
[Black "Tomazini Zan (SLO)"]
[Result "0-1"]
[WhiteElo "2020"]
[BlackElo "2042"]

1.d4 d5 2.c4 e6 3.Nf3 Nf6 4.g3 Bb4+ 5.Bd2 Be7 6.Bg2 Nbd7 7.Qc2 c5 8.cxd5 exd5
9.Nc3 b6 10.O-O Bb7 11.Rfe1 O-O 12.Rad1 Rc8 13.Bf4 Ne4 14.Qb1 f5 15.e3 Ndf6
16.Be5 Ng4 17.Re2 Nxe5 18.Nxe5 Bf6 19.Nf3 cxd4 20.exd4 Rxc3 21.bxc3 Nxc3
22.Qd3 Nxd1 23.Qxd1 Ba6 24.Rb2 Qd7 25.Qd2 Re8 26.h4 Bc4 27.Qf4 b5 28.Rd2 a5
29.h5 Qe6 30.Bh3 g6 31.hxg6 hxg6 32.g4 fxg4 33.Bxg4 Qe4 34.Qg3 Bg5 35.Rd1 Bf4
36.Qh3 Qc2 37.Re1 Rxe1+ 38.Nxe1 Qc1 39.Bd1 Qxd1 40.Qe6+ Kg7 41.Qe7+ Kh6
42.Qf8+ Kg5 43.Qd8+ Kf5 44.Qf8+ Ke4 45.Qe7+ Kxd4 46.Qa7+ Kc3 47.Qxa5+ Kb2
48.Qb4+ Kxa2 49.Qa5+ Qa4 50.Qc3 Qb3 51.Qa5+ Qa3 52.Qb6 Qc1 53.Qa5+ Kb3 54.Kg2
Bd2 {#R} 0-1

[Event "It (open)"]
[Site "masterchessopen.com Schweinfurt (Germany)"]
[Date "2007.05.19"]
[Round "5"]
[White "Von Der Linden Armin (GER)"]
[Black "Raaber Arthur"]
[Result "1-0"]
[WhiteElo "2026"]
[BlackElo "1498"]

1.d4 d5 2.c4 e6 3.Nf3 Nf6 4.g3 Bb4+ 5.Bd2 Be7 6.Bg2 c5 7.dxc5 Bxc5 8.cxd5 exd5
9.Qc2 Be7 10.Nc3 b6 11.Ne5 Bb7 12.Qa4+ Nbd7 13.O-O O-O 14.Nxd7 Nxd7 15.Rfd1
Nf6 16.Bf4 a6 17.Rd3 Rc8 18.Qd1 Rc5 19.e4 Qd7 20.e5 Ne8 21.Bxd5 Bxd5 22.Nxd5
Qe6 23.Nxe7+ Qxe7 24.Qd2 g6 25.Rc3 Rb5 26.Rac1 f6 27.exf6 Rxf6 28.Re1 Re6
29.Rce3 Ng7 30.Rxe6 Nxe6 31.Bh6 Rc5 32.Rxe6 Qxe6 33.Qd8+ {#r} 1-0

[Event "It (open)"]
[Site "masterchessopen.com Predeal (Romania)"]
[Round "0"]
[White "Barnaure Vlad-Victor (ROM)"]
[Black "Soltanici Ruslan (MDA)"]
[Result "1-0"]
[WhiteElo "2474"]
[BlackElo "2378"]

1.d4 Nf6 2.c4 e6 3.g3 d5 4.Nf3 Bb4+ 5.Bd2 Be7 6.Bg2 dxc4 7.Qa4+ Bd7 8.Qxc4 a6
9.Nc3 Bc6 10.Bg5 b5 11.Qd3 Nbd7 12.a3 Bb7 13.b4 h6 14.Bxf6 Bxf6 15.O-O Rb8
16.Rac1 O-O 17.Nd2 Bxg2 18.Kxg2 Nb6 19.e3 Be7 20.f4 c5 21.bxc5 Bxc5 22.Nxb5
Nd5 23.Rxc5 Rxb5 24.Rxb5 axb5 25.Rb1 Qa8 26.e4 Nc7 27.Qc3 Ne8 28.Rxb5 Nd6
29.Re5 Qa6 30.Kf2 Ra8 31.Rc5 Qxa3 32.Qxa3 Rxa3 33.Ke2 Ra2 34.Kd3 Ra3+ 35.Rc3
Ra2 36.Rb3 Kf8 37.g4 f6 38.h4 Ra1 39.e5 fxe5 40.fxe5 Ne8 41.Rb7 Rc1 42.Ne4 Rc7
43.Rb8 Ke7 44.Nc5 Rc6 45.Kc4 Rc7 46.Kd3 Rc6 47.Ke4 Kf7 48.h5 Ke7 49.Kf3 Kf7
50.Kg3 Ke7 51.g5 hxg5 52.Kg4 Kf8 53.Kxg5 Kf7 54.Kg4 Kf8 55.Rb7 Kg8 56.Kg5 {#r}
1-0

[Event "It (open)"]
[Site "masterchessopen.com Augsburg (Germany)"]
[Date "2007.08.04"]
[Round "5"]
[White "Darr Thomas (GER)"]
[Black "Jussupow Alexander (GER)"]
[Result "1-0"]
[WhiteElo "1941"]
[BlackElo "2054"]

1.d4 d5 2.c4 e6 3.Nf3 Nf6 4.g3 Bb4+ 5.Bd2 Be7 6.Bg2 Nbd7 7.O-O O-O 8.Qc2 Ne4
9.Nc3 Ndf6 10.Ne5 Nxd2 11.Qxd2 c6 12.a3 Nd7 13.f4 f6 14.Nxd7 Bxd7 15.c5 e5
16.e3 e4 17.b4 Bf5 18.h3 Qd7 19.g4 Be6 20.Qf2 b6 21.Rab1 Rab8 22.Rfc1 Rb7
23.Rb2 Rfb8 24.Rcb1 g6 25.Kh2 Kh8 26.Bf1 Rg8 27.a4 h5 28.Qh4 Bf7 29.Qg3 Rgb8
30.Ba6 Rc7 31.Bf1 Rcc8 32.a5 b5 33.Rg2 Rg8 34.Be2 Bd8 35.Kg1 Bc7 36.Qf2 Be6
37.Qh4 Qf7 38.Rf1 Qg7 39.Rff2 Bf7 40.gxh5 g5 41.fxg5 fxg5 42.Qg4 Be8 43.h4 Bd8
44.Qe6 Bd7 45.Qd6 Rb7 46.h6 Qe7 47.h5 g4 48.Qxe7 Bxe7 49.Rf7 Bg5 50.Nd1 Bxh6
51.Bxg4 Rxg4 52.Rxg4 Bxg4 53.Rxb7 Bxd1 54.Rxa7 Bxe3+ 55.Kf1 Bg5 56.a6 Kg8
57.Ra8+ Kf7 58.a7 e3 59.Re8 Kxe8 60.a8=Q+ Kf7 61.Qb7+ Kg8 62.Qc8+ Kh7 63.Qf5+
Kh8 64.Qxg5 {#r} 1-0

[Event "It (open)"]
[Site "masterchessopen.com New Delhi (India)"]
[Date "2008.01.13"]
[Round "1"]
[White "Rahman Ziaur (BAN)"]
[Black "Sudarshan A (IND)"]
[Result "1-0"]
[WhiteElo "2510"]
[BlackElo "1901"]

1.d4 d5 2.Nf3 Nf6 3.c4 e6 4.g3 Bb4+ 5.Bd2 Bxd2+ 6.Nbxd2 O-O 7.Bg2 Nbd7 8.O-O
c6 9.Qc2 Re8 10.Rfd1 Nf8 11.b4 Ng6 12.e4 Nxe4 13.Nxe4 dxe4 14.Qxe4 Qf6 15.Ne5
Rd8 16.a4 a6 17.h4 Bd7 18.h5 Nf8 19.Qe3 Be8 20.Be4 Qe7 21.h6 f6 22.hxg7 Qxg7
23.Nf3 Rd7 24.b5 cxb5 25.axb5 Bh5 26.bxa6 Rxa6 27.Rxa6 bxa6 28.Ra1 Bxf3
29.Bxf3 f5 30.Rd1 Qf6 31.c5 Ng6 32.c6 Rg7 33.Qb3 {#r} 1-0

[Event "It (open)"]
[Site "masterchessopen.com New Delhi (India)"]
[Date "2008.01.14"]
[Round "3"]
[White "Arun Prasad S (IND)"]
[Black "Sahu Sekhar Chandra (IND)"]
[Result "1-0"]
[WhiteElo "2530"]
[BlackElo "2258"]

1.d4 d5 2.Nf3 Nf6 3.c4 e6 4.g3 Bb4+ 5.Bd2 Be7 6.Bg2 dxc4 7.O-O O-O 8.Qc2 Nc6
9.Qxc4 Qd5 10.Qa4 Qh5 11.h3 Ne4 12.Bf4 Bd6 13.Ne5 Nxe5 14.dxe5 Nc5 15.Qa5 Be7
16.Qxc7 Bd7 17.b4 Rac8 18.Qa5 Na6 19.Bxb7 Nxb4 20.Bxc8 Bxc8 21.Nc3 Na6 22.Rab1
Qxh3 23.Ne4 Bd8 24.Qa3 Nc7 25.Rb8 Ba6 26.Qxf8+ Kxf8 27.Rxd8+ Ne8 28.Nd6 g5
29.Nxe8 gxf4 30.Nf6+ Kg7 31.Rg8+ Kh6 32.g4 {#r} 1-0

[Event "It (open)"]
[Site "masterchessopen.com Geneva (Switzerland)"]
[Date "2008.01.22"]
[Round "4"]
[White "Liepins Oliver (LAT)"]
[Black "Sokolov Andrei (FRA)"]
[Result "0-1"]
[WhiteElo "2108"]
[BlackElo "2559"]

1.Nf3 Nf6 2.c4 e6 3.g3 d5 4.d4 Bb4+ 5.Bd2 a5 6.Qc2 O-O 7.Bg2 b6 8.a3 Be7
9.cxd5 exd5 10.Nc3 c5 11.O-O Nc6 12.Rfd1 cxd4 13.Nb5 Bc5 14.Be1 Bg4 15.Nbxd4
Nxd4 16.Nxd4 Rc8 17.Qb3 Re8 18.Bf3 h5 19.Bc3 Ne4 20.h4 Qd7 21.a4 Re7 22.Re1
Rce8 23.Bxg4 Qxg4 24.Qxd5 Nxg3 25.fxg3 Re3 26.Qg5 Rxg3+ 27.Kf2 Rg2+ 28.Kf1
Rg1+ 29.Kf2 Rg2+ 30.Kf1 Rg1+ 31.Kf2 Bxd4+ 32.Bxd4 Qxd4+ 33.e3 Rxg5 34.exd4
Rf5+ 35.Kg3 Rd8 36.Rad1 Rd6 37.Re4 Rg6+ 38.Kh3 Rf3+ 39.Kh2 Rf2+ 40.Kh3 Rxb2
41.d5 Rb3+ 42.Kh2 Rd6 43.Rdd4 g6 44.Kg2 Kg7 45.Kf2 b5 46.axb5 Rxb5 47.Re5 a4
48.Rxa4 Rbxd5 49.Ree4 Rd2+ 50.Ke3 R6d3+ 51.Kf4 Rf2+ {#R} 0-1

[Event "It (open)"]
[Site "masterchessopen.com Lyons (France)"]
[Round "8"]
[White "Doncea Vladimir (ROM)"]
[Black "Delort Frederic (FRA)"]
[Result "1-0"]
[WhiteElo "2434"]
[BlackElo "2217"]

1.d4 d5 2.Nf3 Nf6 3.c4 e6 4.g3 Bb4+ 5.Bd2 a5 6.cxd5 exd5 7.Nc3 c6 8.Bg2 O-O
9.O-O Re8 10.Ne5 Bf5 11.Qb3 Nbd7 12.a3 Bd6 13.f4 Qb6 14.Qxb6 Nxb6 15.Rae1 a4
16.Na2 Ne4 17.Bb4 Bxb4 18.Nxb4 f6 19.Ned3 Nc4 20.Rc1 Ncd2 21.Rfe1 Nb3 22.Rcd1
Nxd4 23.Bxe4 Rxe4 24.Nc5 Rxe2 25.Rxe2 Nxe2+ 26.Kf2 b6 27.Nb7 Bg4 28.Nxc6 Nxg3
29.Rxd5 Ne4+ 30.Ke3 Re8 31.Kd4 Nd2 32.Nd6 Nb3+ 33.Kc3 Re1 34.Nb8 Rc1+ 35.Kb4
Rc2 36.Ne4 Rxb2 37.Kc3 Rxh2 38.f5 Nc5 39.Rd8+ Kf7 40.Nd6+ Ke7 41.Nc6# 1-0